Choctaw verb agreement and universal grammar
| Published in: | Studies in natural language and linguistic theory |
|---|---|
| Main Author: | |
| Content type: | Book |
| Published: |
Dordrecht:
Reidel
1986
|
| Series: | Studies in natural language and linguistic theory |
| Source: | MPIPL_cat |
MARC
| LEADER | 00000nam a2200000 ub4500 | ||
|---|---|---|---|
| 001 | PL0001579 | ||
| 003 | PLI01000000000000000001527 | ||
| 005 | 00000000000000.0 | ||
| 008 | ||| u | ||
| 020 | |a 90-277-2065-7 | ||
| 020 | |a 9789027720658 | ||
| 090 | |a 210-Dav/1 | ||
| 100 | 1 | |a Davies, William D. | |
| 245 | 0 | 0 | |a Choctaw verb agreement and universal grammar |c W.D. Davies |
| 260 | |a Dordrecht |b Reidel |c 1986 | ||
| 300 | |a XI, 202 P. | ||
| 490 | 0 | |a Studies in natural language and linguistic theory | |
| 500 | |a Rev. Ph.D. thesis University of California,San Diego, 1981 | ||
| 830 | 0 | |w PL0000540 | |
| 852 | |c 210-Dav/1 |m BOOK | ||